Statistiques concernant Rock- Associer le titre au bon groupe

Cliquez ici pour prendre le quiz!

Statistiques générales

  • Ce quiz a été pris 813 fois
  • Le résultat moyen est 9 sur 20

Statistiques - réponses

TitresGroupes% Correct
Hotel CaliforniaEagles
89%
Smoke on the waterDeep purple
78%
La GrangeZZ top
75%
Wind of changeScorpion
74%
November rainGuns n' roses
67%
Basket CaseGreen day
59%
OneMetallica
59%
Riders on the stormThe doors
59%
I wan't it allQueen
58%
Comfortably NumbPink floyd
57%
The trooperIron maiden
52%
Don't let me downThe beatles
45%
Ohne dichRammstein
44%
ResistanceMuse
31%
OverkillMotörhead
20%
The devil inSlipknot
20%
15 StepRadiohead
10%
All I wan'tThe offspring
7%
SalvationThe cranberries
6%
Hash pipeWeezer
5%

Distribution des résultats

Percentile par nombre de réponses

% des personnes avec chaque résultat

Votre développement - résultats

Vous n’avez pas pris ce quiz